| 000 | 00720nam a2200193 a 4500 | ||
|---|---|---|---|
| 008 | 160509s2011 ||||||||||||||||| || u | ||
| 020 | _a9781118004425 | ||
| 050 | _aQA 76.7 Blu | ||
| 100 | _aBlum, Richard | ||
| 245 | 1 | 0 |
_aLinux command line and shell scripting bible _cBy Richard Blum and Christine Bresnahan |
| 250 | _a2nd ed. | ||
| 260 |
_aIndianapolis: _bJohn Wiley and Sons _c2011 |
||
| 300 | _axxvii, 812p.:ill. | ||
| 350 | _a49.99 | ||
| 650 | _aLinux | ||
| 650 | _aSCRIPTING LANGUAGES (COMPUTERS) | ||
| 650 | _aOPERATING SYSTEMS (COMPUTERS) | ||
| 995 |
_FCBU-MAIN LIBRARY (Kitwe) _I49.99 _M1 _UAVAILABLE _WMay 12, 2016 _ZMain Library Open Access Collection |
||
| 999 |
_c49336 _d49336 |
||